000
00280nam a22001337a 4500
008
170907b xxu||||| |||| 00| 0 eng d
020
_a
9780736278171
041
_a
eng
080
_a
91
100
_a
42
101
_a
GJEO
245
_a
SCIENCE
_c
LEDERMAN,J.S
942
_2
udc
_c
BK
999
_c
26639
_d
26639